[Event "ICS rated blitz match"]
[Site "204.178.125.65"]
[Date "1999.08.18"]
[Round "?"]
[White "TheBorg"]
[Black "Hossa"]
[Result "1-0"]
[WhiteElo "2628"]
[BlackElo "2320"]
[Annotator "Fritz 5.32 (15s)"]
[PlyCount "116"]
[EventDate "1999.??.??"]

1. e4 1... c5 {Opening = B56 - 5.Nc3(Nc6 6.---)} 2. Nf3 d6 3. d4 cxd4 4. Nxd4
Nf6 5. Nc3 e5 6. Bb5+ Bd7 7. Bxd7+ Qxd7 8. Nf5 Nxe4 9. Nxg7+ Bxg7 10. Nxe4 d5
11. Bh6 11... dxe4 $146 (11... O-O 12. Bxg7 Kxg7 13. Ng3 (13. Qh5 f5 14. O-O-O
fxe4 15. Qxe5+ Rf6 16. Rxd5 Qe6 17. Qg3+ Rg6 18. Qc3+ Qf6 19. Qc8 Qc6 20. Qd8
Qf6 21. Qc8 Qc6 22. Qd8 Qf6 23. Qc8 {
- Kotter,R-Ostermeyer,P/BL2-W 1992/GER-chT2 (23)}) 13... f5 (13... Nc6 14. O-O
f5 15. f4 e4 16. Qh5 d4 17. Qh3 Rad8 18. Rad1 Kh8 19. Ne2 Qd5 20. Qh6 Qc4 21.
Rd2 e3 22. b3 Qc5 23. Rd3 Qxc2 24. Rxd4 Nxd4 25. Nxd4 Qc3 26. Ne2 Qb2 27. Re1
Qxa2 28. h3 {Janosevic,D-Bertok,M/Ljubljana 1960/MCD/0-1 (45)}) 14. f4 exf4 15.
Qd4+ Kg8 16. Qxf4 Qe6+ 17. Kd2 Qf6 18. Rhf1 Nc6 19. Nxf5 Kh8 20. Qh6 Qxb2 21.
Rab1 Qf6 22. Qxf6+ Rxf6 23. Rxb7 Rg8 24. g3 Na5 25. Re7 Nc6 26. Ree1 Rgf8 27.
g4 Nd4 28. Re5 Rc6 29. Nxd4 {1-0 Panbukchian,V-Kovacevic,V/Pula 1990/TD (29)})
12. Bxg7 {Haelt den Koenig im Zentrum fest} 12... Rg8 13. Bxe5 Rxg2 14. Qxd7+
Nxd7 15. Bg3 Rc8 16. c3 e3 17. Kf1 (17. fxe3 {ist minderwertig} 17... Rxb2 18.
Rf1 18... Rxc3 $19) 17... Rxf2+ 18. Bxf2 exf2 19. Kxf2 Rc6 20. Rae1+ Kd8 21.
Re3 Rb6 22. Rd1 Rf6+ 23. Ke2 Kc7 24. a4 Nc5 25. a5 Ne6 26. Re4 Rf4 (26... Kc6
27. Ke3 $18) 27. Rxf4 Nxf4+ 28. Ke3 Ng2+ 29. Kd2 Kd6 (29... Nh4 30. Rf1 f5 31.
Rf4 $18) 30. Ke2+ Ke6 31. Rd4 {Mit der Drohung Kf2} 31... Ke5 32. Rd7 f5 (32...
Nf4+ {aendert nichts mehr} 33. Ke3 $18) 33. Rxb7 ({Und nicht} 33. Rxh7 33...
Nf4+ 34. Kd2 34... a6 $18) 33... a6 34. Rxh7 Nf4+ 35. Kd2 Ne6 (35... Ng2 {
kann das Vorangegangene nicht ungeschehen machen} 36. b4 Nf4 37. Rh6 $18) 36.
Ra7 (36. Re7 $5 {ginge schneller} 36... Kf6 37. Rxe6+ 37... Kxe6 $18) 36... Nc5
37. b4 {Nun geraet Schwarz unter starken Druck.} 37... Ne4+ 38. Kd3 Nf2+ 39.
Ke2 Ne4 (39... Nh3 {macht keinen grossen Unterschied} 40. Rxa6 Nf4+ 41. Kd2 $18
) 40. Re7+ Kf6 (40... Kd5 {aendert den traurigen Lauf der Dinge nicht} 41. Rxe4
fxe4 42. b5 axb5 43. h4 $18) 41. Rxe4 fxe4 42. b5 axb5 43. a6 Ke7 44. a7 Kd7
45. a8=Q Kd6 46. Qxe4 b4 47. Qd5+ (47. cxb4 Kd7 48. b5 Kd6 49. b6 Kc5 50. b7
Kd6 51. b8=Q+ Kd7 52. Qee8#) 47... Kxd5 48. cxb4 Kd6 49. h4 Ke5 50. h5 Ke6 51.
b5 Ke5 52. Ke3 Kd6 53. h6 Kd5 (53... Ke5 {aendert nichts am Ausgang der Partie}
54. h7 Kd5 55. h8=Q Kc5 56. Qe5+ Kb4 57. b6 Ka4 58. b7 Kb3 59. b8=Q+ Kc2 60.
Qbb2+ Kd1 61. Qd2#) 54. h7 Kc5 (54... Ke5 {holt die Kuh nicht vom Eis} 55.
h8=Q+ Ke6 56. b6 Kd6 57. b7 Ke7 58. b8=Q Ke6 59. Qbe5+ Kd7 60. Qhe8#) 55. h8=Q
Kd5 56. b6 (56. Qc8 Ke5 57. Qd7 Kf6 58. Kf4 Kg6 59. Qe7 Kh6 60. Kf5 Kh5 61.
Qg5#) 56... Kc6 (56... Kd6 {aendert nichts mehr} 57. b7 Ke7 58. b8=Q Ke6 59.
Qbe5+ Kd7 60. Qhe8#) 57. Qd8 Kb7 (57... Kc5 {macht keinen grossen Unterschied}
58. b7 Kc6 59. b8=Q Kc5 60. Qdd6+ Kc4 61. Qbb4#) 58. Kd4 Ka6 (58... Kc6 {
nuetzt auch nichts mehr} 59. Kc4 Kb7 60. Qc7+ Ka6 61. Qa7#) 1-0

[Event "ICS rated blitz match"]
[Site "204.178.125.65"]
[Date "1999.08.18"]
[Round "?"]
[White "Hossa"]
[Black "NoRegrets"]
[Result "1-0"]
[WhiteElo "2315"]
[BlackElo "2093"]
[Annotator "Fritz 5.32 (15s)"]
[PlyCount "71"]
[EventDate "1999.??.??"]

1. d4 1... Nf6 {Opening = E81 - 5.f3 0-0(6.Be3 ---)} 2. c4 g6 3. Nc3 Bg7 4. e4
d6 5. f3 O-O 6. Be3 Nbd7 7. Bd3 e5 8. d5 c6 9. Nge2 cxd5 10. cxd5 a6 11. O-O
Nh5 12. Rc1 f5 13. exf5 gxf5 14. Re1 $146 (14. b4 Qe8 (14... Nf4 15. Nxf4 exf4
16. Bxf4 Qb6+ 17. Kh1 Qxb4 18. Ne2 Ne5 19. Bb1 Bd7 20. Nd4 Rae8 21. Bg3 Nc4 22.
Be1 Qc5 23. Nb3 Qc7 24. Na5 b5 25. Nxc4 bxc4 26. Bd3 c3 27. Qc2 Re3 28. Bxa6
Ra8 29. Bf2 {Spesny,J-Rakay,K/Pardubice 1996/CBM 55 ext/1-0 (41)}) 15. Qd2 Ndf6
16. b5 Kh8 17. Bc4 Rg8 18. Rc2 Qg6 19. Nc1 Bd7 20. bxa6 bxa6 21. Qe2 Bh6 22.
Bxh6 Qxh6 23. Nd3 f4 24. Kf2 Bf5 25. Ke1 Qg6 26. Rd2 e4 27. fxe4 Bg4 28. Qf2
28... Nxe4 {Dengler,D-Ankerst,M/Munich 1993/TD/ - (69)}) (14. Kh1 Kh8 15. Qd2
b5 16. Bxf5 Rxf5 17. g4 Ndf6 18. gxf5 Bxf5 19. Bh6 Bxh6 20. Qxh6 Bg6 21. Rg1
Qe8 22. Ng3 Nxg3+ 23. Rxg3 Qf7 24. Rcg1 Rg8 25. Rxg6 Rxg6 26. Rxg6 Qxg6 27.
Qf8+ Ng8 28. Ne4 28... Qh6 {
Timman,J-Thipsay,P/Thessaloniki 1984/EXT 97-B/1-0 (49)}) 14... Ndf6 15. Qb3 Kh8
16. Bb6 Qe8 17. Qb4 17... Rg8 $18 (17... Qe7 $5 $16) 18. Qxd6 Bf8 19. Qc7 19...
Qg6 {Mit der Mattdrohung Qxg2} 20. g3 Nd7 21. Be3 Bd6 22. Qc4 Nhf6 23. Qh4 (23.
Kh1 $5 $16) 23... h5 $18 (23... e4 $5 $142 24. Bc2 24... Ne5 $14) 24. Kh1 Bc5 (
24... b5 25. a3 $18) 25. Bg1 (25. Bxc5 Nxc5 26. Bc2 26... b6 $18) 25... Bxg1
26. Nxg1 Nc5 27. Bc2 27... Nce4 $4 {Schwarz bricht voellig ein} (27... Re8 $18)
28. fxe4 f4 29. Rf1 Ng4 (29... b5 {holt die Kuh nicht vom Eis} 30. Nf3 fxg3 31.
hxg3 $18) 30. Nf3 (30. gxf4 $5 {laesst dem Gegner kaum Chancen} 30... Ne3 31.
Rf2 31... Ng4 $18) 30... Ne3 (30... fxg3 {ist der letzte Strohhalm} 31. Qxg3
31... Qf6 $18) 31. Nxe5 Qh7 (31... Qg7 {nuetzt auch nichts mehr} 32. Qxh5+ Qh7
33. Nf7+ Kg7 34. Qe5+ Kxf7 35. Rxf4+ Bf5 36. exf5 $18) 32. Rxf4 {
Droht Matt: Nf7.} 32... Bg4 33. Nf7+ Kg7 34. Qf6+ Kf8 35. Nd6+ 35... Qf7 $5 36.
Qxf7# 1-0

[Event "ICS rated blitz match"]
[Site "204.178.125.65"]
[Date "1999.08.18"]
[Round "?"]
[White "Hossa"]
[Black "TheBorg"]
[Result "0-1"]
[WhiteElo "2322"]
[BlackElo "2633"]
[Annotator "Fritz 5.32 (15s)"]
[PlyCount "67"]
[EventDate "1999.??.??"]

1. d4 1... Nf6 {Opening = E30 - 4.Bg5(h6 5.Bh4 c5 6.d5 ---)} 2. c4 e6 3. Nc3
Bb4 4. Bg5 h6 5. Bh4 c5 6. dxc5 Bxc3+ (6... Nc6 7. Rc1 g5 8. Bg3 Ne4 9. e3 Qa5
10. Qc2 Bxc3+ 11. bxc3 Nxg3 12. hxg3 Qxc5 13. Rb1 b6 14. Rb5 Qf8 15. Qa4 Qg7
16. Ne2 Na5 17. Nd4 O-O 18. c5 Bb7 19. cxb6 axb6 20. Rxb6 Rfc8 21. Qc2 {
Breutigam,M-Gabriel,C/Germany 1996/GER-chT/0-1 (54)}) (6... Qa5 7. Bxf6 gxf6 8.
Qd4 Ke7 9. Qd6+ Ke8 10. Qd4 Ke7 11. Qd6+ 11... Ke8 {
- Breutigam,M-Hoffmann,M/Germany 1997/GER-chT (11)}) 7. bxc3 Qa5 8. Bxf6 gxf6
9. Qd2 $146 (9. Qd4 e5 10. Qe3 Na6 11. Nf3 (11. g3 Qxc5 12. Qd3 d6 13. Bg2 Be6
14. Bxb7 Bxc4 15. Qf3 Rb8 16. Qxf6 Rf8 17. Be4 Be6 18. Rd1 d5 19. Bf5 Qxc3+ 20.
Kf1 Nc5 21. Bxe6 fxe6 22. Qxh6 Rb2 23. Kg2 Qc2 24. Rf1 Qe4+ 25. f3 25... Qd4 {
Breutigam,M-Schulz,R/BL2-N 1994/GER-chT2/1-0 (36)}) 11... Qxc5 12. Nd4 d6 13.
g3 Be6 14. Nxe6 Qxe3 15. Ng7+ Kf8 16. fxe3 Kxg7 17. Bg2 Nc5 18. O-O Rac8 19.
Rf2 h5 20. Raf1 Rh6 21. Rd1 Rd8 22. Rd2 h4 23. Rf1 23... hxg3 {
Perez Perez,F-Ivkov,B/Havana 1962/MCD/0-1 (36)}) 9... Na6 10. Rb1 10... Nxc5 {
Der Springer ist wirkungsvoll plaziert. Nun geraet Weiss unter starken Druck.}
11. Rb5 Qa3 12. f3 {Verwehrt dem Gegner e4} 12... d6 13. Qxd6 {
Schwarz kann nicht kurz rochieren} 13... Qxc3+ 14. Kf2 Na4 15. e4 Qc2+ 16. Be2
Qxa2 17. Qd4 Ke7 18. Ra5 $19 (18. e5 $5 $142 18... fxe5 19. Rxe5 $15) 18... Rd8
19. Qe3 b6 20. Rh5 Nb2 21. Kf1 Ba6 22. Rxh6 $2 (22. e5 fxe5 23. Qxh6 Qa1+ 24.
Kf2 Nd1+ 25. Bxd1 Rxd1 26. Qg5+ Kd7 27. Qxe5 Rd2+ 28. Kg3 Rg8+ 29. Kh4 Qxe5 30.
Rxe5 Rdxg2 31. Rh5 Rxg1 32. Rxg1 Rxg1 33. c5 $19) 22... Rd1+ $1 {
ein unangenehmes Schach} (22... Bxc4 23. g3 Bxe2+ 24. Nxe2 $19) (22... Nxc4 $6
23. Qf4 Rd2 24. Qc7+ Rd7 25. Qf4 Qa1+ 26. Kf2 Qd4+ 27. Kg3 Rg8+ 28. Kh3 $19)
23. Kf2 23... Nd3+ $1 {ein laestiges Schach} (23... Bxc4 $6 24. Kg3 Rg8+ 25.
Kh4 Bxe2 26. Qxe2 $19) (23... Nxc4 $6 24. Qf4 Qb2 25. Kg3 $19) 24. Kg3 Rg8+ 25.
Kh4 Ne1 26. Bf1 Nxg2+ 27. Bxg2 Qxg2 28. Nh3 (28. Qf4 {hilft auch nicht mehr}
28... Qf2+ 29. Kh3 Bxc4 30. Qc7+ 30... Rd7 $19) 28... Rxh1 {Droht Matt} 29.
Qa3+ (29. Qf2 Qxf2+ 30. Nxf2 Rxh2+ 31. Nh3 Bxc4 32. Rh8 Rxh8+ 33. Kg3 R8xh3+
34. Kg4 e5 35. f4 Be2+ 36. Kf5 Rh5#) 29... Kd8 (29... Kd7 30. Qxa6 Qxh2 31.
Qb7+ Kd6 32. c5+ Kxc5 33. Rh5+ Kd4 34. Rd5+ Ke3 35. Rd3+ Ke2 36. Rd2+ Kxd2 37.
Qd7+ Ke3 38. Qd4+ Kxd4 39. f4 Qxh3#) 30. Qd6+ 30... Kc8 {Droht Matt: Rxh2} 31.
Rh5 31... Rxh2 {Es droht Matt} 32. Rc5+ 32... Kb7 $1 {nun ist alles klar} 33.
Qc6+ 33... Kb8 {Droht Matt} 34. Qc7+ 0-1

[Event "ICS rated blitz match"]
[Site "204.178.125.65"]
[Date "1999.08.18"]
[Round "?"]
[White "TheBorg"]
[Black "Hossa"]
[Result "1-0"]
[WhiteElo "2638"]
[BlackElo "2317"]
[Annotator "Fritz 5.32 (15s)"]
[PlyCount "111"]
[EventDate "1999.??.??"]

1. e4 1... c5 {Opening = B56 - 5.Nc3(Nc6 6.---)} 2. Nf3 d6 3. d4 cxd4 4. Nxd4
Nf6 5. Nc3 e5 6. Bb5+ Bd7 7. Bxd7+ Qxd7 8. Nf5 Nxe4 9. Nxg7+ Bxg7 10. Nxe4 d5
11. Bh6 11... dxe4 $146 (11... O-O 12. Bxg7 Kxg7 13. Ng3 (13. Qh5 f5 14. O-O-O
fxe4 15. Qxe5+ Rf6 16. Rxd5 Qe6 17. Qg3+ Rg6 18. Qc3+ Qf6 19. Qc8 Qc6 20. Qd8
Qf6 21. Qc8 Qc6 22. Qd8 Qf6 23. Qc8 {
- Kotter,R-Ostermeyer,P/BL2-W 1992/GER-chT2 (23)}) 13... f5 (13... Nc6 14. O-O
f5 15. f4 e4 16. Qh5 d4 17. Qh3 Rad8 18. Rad1 Kh8 19. Ne2 Qd5 20. Qh6 Qc4 21.
Rd2 e3 22. b3 Qc5 23. Rd3 Qxc2 24. Rxd4 Nxd4 25. Nxd4 Qc3 26. Ne2 Qb2 27. Re1
Qxa2 28. h3 {Janosevic,D-Bertok,M/Ljubljana 1960/MCD/0-1 (45)}) 14. f4 exf4 15.
Qd4+ Kg8 16. Qxf4 Qe6+ 17. Kd2 Qf6 18. Rhf1 Nc6 19. Nxf5 Kh8 20. Qh6 Qxb2 21.
Rab1 Qf6 22. Qxf6+ Rxf6 23. Rxb7 Rg8 24. g3 Na5 25. Re7 Nc6 26. Ree1 Rgf8 27.
g4 Nd4 28. Re5 Rc6 29. Nxd4 {1-0 Panbukchian,V-Kovacevic,V/Pula 1990/TD (29)})
12. Bxg7 {Schwarz kann nicht kurz rochieren} 12... Rg8 13. Bxe5 Rxg2 14. Qxd7+
Nxd7 15. Bg3 Rc8 16. c3 e3 17. Kf1 (17. fxe3 {ist sichtlich schlechter} 17...
Rxb2 18. Rf1 18... Rxc3 $19) 17... Rxf2+ 18. Bxf2 exf2 19. Kxf2 Rc6 20. Rad1 (
20. Rhe1+ 20... Re6 $18) 20... Rf6+ 21. Kg3 Rg6+ 22. Kf3 Rf6+ 23. Ke3 Rb6 (
23... Re6+ 24. Kd4 $18) 24. b3 Re6+ 25. Kd4 Ne5 26. Ke4 Ke7 27. Rhg1 Ng4+ 28.
Kf3 h5 29. h4 Re3+ 30. Kf4 Rxc3 31. Rge1+ Kf6 32. Rd6+ Kg7 33. Re7 Rc2 34. Rxb7
Rxa2 35. Rb5 Rf2+ (35... f6 36. Rxh5 Ne5 37. Rf5 $18) 36. Kg3 Rf6 37. Rxf6 Nxf6
38. Kf4 Kg6 39. Rg5+ Kh6 40. Ra5 Nd7 41. Kf5 {Weiss geht zum Angriff ueber}
41... Kg7 42. Rxa7 {Der Freibauer b3 ist ein wichtiges Motiv. Es droht Matt}
42... Nc5 (42... Nb8 {waere gleichermassen fruchtlos} 43. b4 Nc6 44. Rb7 $18)
43. b4 {Droht Matt} 43... Ne6 (43... Nb3 44. Ke5 Nd2 45. b5 Nc4+ 46. Kd5 Ne3+
47. Kc5 $18) 44. Ke5 Nd8 45. b5 {Mit der Idee Rd7} 45... Ne6 46. b6 {Droht Kd6}
46... Nd8 47. Kd6 Kg6 48. Ra8 {Mit der Mattdrohung Rxd8} 48... Ne6 49. b7 Nd4
50. b8=Q {Es droht Matt} 50... Nf5+ (50... Kf5 {nuetzt auch nichts mehr} 51.
Qb1+ Kf6 52. Ra5 Nf3 53. Qf5+ Kg7 54. Ke7 Ne5 55. Qxe5+ f6 56. Qxf6+ Kg8 57.
Ra8+ Kh7 58. Rh8#) 51. Ke5 f6+ 52. Kd5 Nd6 (52... Ne7+ {
aendert nichts am Ausgang der Partie} 53. Ke6 f5 54. Qe8+ Kh6 55. Qf8+ Kg6 56.
Qf6+ Kh7 57. Rh8#) 53. Ke6 f5 (53... Nc8 {waere gleichermassen fruchtlos} 54.
Qg3+ Kh6 55. Kxf6 Nd6 56. Qg6#) 54. Qg8+ Kh6 55. Qh8+ Kg6 56. Rg8# 1-0

[Event "ICS rated blitz match"]
[Site "204.178.125.65"]
[Date "1999.08.18"]
[Round "?"]
[White "PostModernist"]
[Black "Hossa"]
[Result "1-0"]
[WhiteElo "2516"]
[BlackElo "2313"]
[Annotator "Fritz 5.32 (15s)"]
[PlyCount "55"]
[EventDate "1999.??.??"]

1. d4 1... Nf6 {Opening = E61 - 3.Nc3(Bg7 4.Nf3 d6 5.---)} 2. c4 g6 3. Nc3 Bg7
4. Nf3 4... Ng4 $146 (4... b6 5. e4 d6 6. Be2 Bb7 7. Qc2 O-O 8. O-O Nbd7 9. e5
dxe5 10. dxe5 Ne8 11. e6 fxe6 12. Nd2 Rf6 13. Bg4 Nf8 14. Nce4 Bxe4 15. Qxe4
Nd6 16. Qe2 Nf5 17. Rd1 Qe8 18. b3 h6 19. Ne4 Rf7 20. Bb2 Bxb2 21. Qxb2 Rd8 22.
Qe5 c5 23. Nc3 a6 24. Qc7 Nd7 25. Ne2 e5 26. f4 e6 27. fxe5 Rc8 28. Qb7 Nxe5
29. Qe4 Nxg4 30. Qxg4 Rg7 31. Qe4 e5 32. Rd5 Re7 33. Nc3 Kg7 34. Rad1 Nd4 35.
Rd6 Rc6 36. Rxc6 Nxc6 37. Nd5 Rf7 38. Nxb6 Nd4 39. Re1 {
Molet Zandberg,I-Gregus,L/Paris 1993/EXT 97/0-1 (66)}) (4... c6 5. e4 (5. d5 d6
6. e4 O-O 7. Bd3 e5 8. h3 Nh5 9. g4 Nf4 10. Bxf4 exf4 11. Qd2 Nd7 12. Qxf4 Ne5
13. Qe3 h6 14. Rb1 f5 15. gxf5 gxf5 16. Nxe5 f4 17. Qf3 Bxe5 18. Ke2 Kh8 19.
Rbg1 Bd7 20. h4 b5 21. Rg5 Qf6 22. Rh5 Rg8 23. Rg5 Rxg5 24. hxg5 Qxg5 25. Rh5
Qg1 26. Rh4 Rg8 27. Qh1 Bg4+ 28. Kd2 Qxf2+ 29. Ne2 Rg7 30. cxb5 f3 31. Rxg4
Rxg4 32. bxc6 32... fxe2 {0-1 Galeb,A-Camara,H/Lugano 1968/MCD (32)}) (5. Qa4
O-O 6. e3 d5 7. Ne5 dxc4 8. Qxc4 Be6 9. Qd3 Nbd7 10. f4 Qb6 11. Be2 Rad8 12. b3
c5 13. Na4 Qc7 14. Nxd7 Nxd7 15. Bb2 cxd4 16. Bxd4 Nf6 17. O-O Ng4 18. Rad1 Bf5
19. Qd2 19... e5 {Turunen,R-Aalto,S/FIN-chT 1986/EXT 97/0-1 (43)}) 5... d5 6.
e5 Ne4 7. Bd3 Nxc3 8. bxc3 O-O 9. O-O c5 10. h3 dxc4 11. Bxc4 Nc6 12. Ba3 cxd4
13. cxd4 Bf5 14. Re1 Rc8 15. d5 Nb4 16. Bxb4 Rxc4 17. Qb3 Re4 18. d6 exd6 19.
Bxd6 {Bugajski,R-Lipski,T/Porabka 1986/EXT 97/ - (44)}) (4... e6 5. e4 c6 6. e5
Ng8 7. Ne4 Bf8 8. c5 f5 9. Nd6+ Bxd6 10. cxd6 b5 11. h4 h5 12. b4 Bb7 13. Bd3
Nh6 14. Bg5 Qb6 15. Bxh6 Rxh6 16. Qd2 Rh7 17. Qg5 {
1-0 Juswanto,D-Nanang,S/Genting Highlands 1998/CBM 63 ext (17)}) 5. e3 5... e5
$14 (5... d6 6. Be2 $11) 6. h3 exd4 7. exd4 Qe7+ 8. Be2 Nf6 9. Bg5 h6 10. Nd5
Qd8 11. Bxf6 Bxf6 12. O-O Bg7 13. Re1 13... O-O {
Schwarz muss dringend die Entwicklung vorantreiben.} 14. Bf1 Nc6 15. b4 a6 16.
b5 {Weiss erobert Raum} 16... axb5 17. cxb5 Na7 18. a4 $14 (18. Qb3 18... Kh7
$16) 18... c6 19. Ne7+ Kh7 20. Bd3 20... Re8 $4 $18 (20... Bf6 $142 {
ist die einzige Rettung} 21. Nxc8 Rxc8 22. bxc6 22... dxc6 $14) 21. Ng5+ $3 {
das entscheidende Opfer} (21. Nxc8 $6 {waere ein Fehlgriff} 21... Rxe1+ (21...
Rxc8 $2 22. Rxe8 Qxe8 23. b6 $18) (21... Qxc8 $2 22. b6 $18) 22. Qxe1 22...
Nxc8 $11 (22... Qxc8 $2 23. b6 $18)) 21... hxg5 22. Qh5+ Bh6 23. Bxg6+ Kg7 24.
Nf5+ (24. Bxf7 Rh8 25. Bg8 Qe8 26. Qxe8 Rxg8 27. Qxg8+ Kf6 28. Qg6#) 24... Kf6
25. Bxf7 Rxe1+ 26. Rxe1 Qg8 27. Bxg8 Rb8 (27... g4 {
kann das Vorangegangene nicht ungeschehen machen} 28. Qxh6+ Kxf5 29. Bh7#) 28.
Qf7# 1-0

[Event "ICS Rated blitz match"]
[Site "204.178.125.65"]
[Date "1999.08.18"]
[Round "?"]
[White "Hossa"]
[Black "TheBorg"]
[Result "1/2-1/2"]
[WhiteElo "2305"]
[BlackElo "2642"]
[Annotator "Fritz 5.32 (15s)"]
[PlyCount "283"]
[EventDate "1999.??.??"]

1. d4 1... d5 {Opening = D20 - 3.---} 2. c4 dxc4 3. e4 Nf6 4. e5 Nd5 5. Bxc4
Nb6 6. Bb3 6... Nc6 {Der Bauer d4 ist rueckstaendig} 7. Ne2 Bf5 8. Nbc3 e6 9.
a3 Be7 10. O-O O-O 11. Be3 Qd7 12. Rc1 12... Rad8 {
Der rueckstaendige Bauer wird zur Angriffsmarke} 13. Ba2 13... Qc8 $146 (13...
Kh8 14. h3 f6 15. f4 a6 16. g4 Bg6 17. b4 fxe5 18. fxe5 Rxf1+ 19. Qxf1 Bd3 20.
Qf2 Rf8 21. Qg3 Bc4 22. Bb1 Bxe2 23. Nxe2 Nd5 24. Bd2 Bd8 25. Qd3 g6 26. Rf1
Rxf1+ 27. Kxf1 Kg7 28. Kg2 {
Bykhovsky,A-Zilberman,Y/Herzliya 1998/EXT 99/ - (99)}) 14. f4 Qd7 15. Ng3 Nxd4
16. Bxd4 Qxd4+ 17. Qxd4 Rxd4 18. Nxf5 exf5 19. Nb5 Rd2 20. Rxc7 Bd8 21. Rxb7
Rxb2 22. Nc3 Rc2 23. Rf3 Nc8 24. Bb1 Bb6+ 25. Kf1 Rc1+ 26. Ke2 Bd4 27. Na2 $14
(27. Kd2 Rg1 28. g3 Rg2+ 29. Ne2 29... g6 $16) 27... Rh1 $16 (27... Rg1 $5 {
ist zu erwaegen} 28. Rg3 28... Ne7 $14) 28. h3 $14 (28. Bxf5 $5 28... Rxh2 29.
Bh3 $16) 28... g6 $16 {Deckt f5} (28... Rg1 29. g3 $14) 29. Rd3 Bc5 30. Rc3 Bd4
31. Rc4 Bb6 32. Bd3 Rg1 33. Kf3 Ra1 34. Rc2 Re1 35. Be2 Rd8 36. g4 36... fxg4+
{Schwarz erhaelt starke Initiative} 37. hxg4 Kf8 38. g5 $14 (38. Nc3 Ne7 39.
Nb5 39... Ra1 $16) 38... Ne7 39. Rc1 Rxc1 40. Nxc1 Rc8 41. Nd3 Rc3 42. a4 Ra3
43. Rd7 Rxa4 44. Rb7 Rc4 45. Rd7 Nf5 46. Bf1 Ke8 47. Rb7 h5 48. gxh6 Nxh6 49.
Bh3 Rc3 50. Bd7+ Kd8 51. Bb5 Kc8 52. Re7 52... Bc5 $15 (52... Rc7 53. Re8+ Kb7
54. Nb4 $15) 53. Ba6+ Kd8 54. Rb7 Bg1 55. Ke4 Rc6 56. Bb5 $15 (56. Rb8+ $5 {
ist zu ueberlegen} 56... Kd7 57. Bb5 $14) 56... Rb6 57. Rd7+ Kc8 58. Rd5 a6 59.
Be8 Rb7 60. Ra5 Kd8 61. Bc6 Ra7 62. Ra1 Bb6 63. Rd1 Ke7 (63... Ng4 64. Nb4+ Kc8
65. Rc1 $15) 64. Nb4 Bc5 65. Nd5+ Kf8 66. Rc1 Bf2 67. Rc2 Bg3 68. Ne3 a5 69.
Rg2 Rc7 70. Bd5 Be1 71. Rh2 Kg7 72. Rg2 Bb4 73. f5 a4 74. fxg6 fxg6 75. Ra2 Ra7
76. Rf2 $19 (76. Bb3 76... a3 $17) 76... Bc5 77. Rc2 Be7 78. Rf2 a3 79. e6 (79.
Ra2 Ra4+ 80. Nc4 80... g5 $19) 79... Ra4+ 80. Kd3 Bc5 81. Rf1 g5 82. Bc4 82...
Bxe3 $17 (82... Kg6 83. Bb3 Rf4 84. Re1 $17) 83. e7 Ra8 84. Bb5 Ng4 85. e8=Q {
Droht Matt: Qf7} 85... Rxe8 86. Bxe8 Bf4 87. Bb5 Kf6 88. Re1 Nf2+ 89. Kc4 g4
90. Kb3 Bd6 91. Bd7 91... Bc5 $15 (91... g3 $5 $17) 92. Rg1 $17 {
Der isolierte Bauer g4 geraet unter Druck} (92. Re6+ $5 92... Kg7 93. Rc6 $11)
92... Kg5 93. Rg2 93... Kf4 {Aktiver Koenig im Endspiel} 94. Rxf2+ (94. Kc4 a2
95. Rg1 95... Nd3 $15) 94... Bxf2 95. Kxa3 g3 96. Bc6 Bc5+ 97. Ka2 Ke3 98. Bg2
Bd6 99. Kb2 Kf2 100. Bh1 Kg1 101. Bf3 Be5+ 102. Kc2 Kf2 103. Be4 Ke2 104. Bg2
Bg7 105. Kb3 Kf2 106. Bh1 Kg1 107. Bf3 Kh2 (107... Bd4 108. Kc4 Kf2 109. Bh1
$17) 108. Kc2 Bd4 109. Kd3 Bc5 110. Ke2 Kh3 111. Kf1 Be3 112. Ke2 Bf2 113. Kf1
Bd4 114. Ke2 Be5 115. Kf1 Kh2 116. Be4 Bg7 117. Ke2 Bd4 118. Kf1 Be3 119. Bf3
Bf4 120. Be4 Bg5 121. Ke2 Bc1 122. Kf1 Bd2 123. Bf3 Be3 124. Be4 Bb6 125. Ke2
Bc7 126. Kf1 Bf4 127. Bf3 Bd2 128. Be4 Bc3 129. Bf3 Bb2 130. Be4 Bf6 131. Ke2
Be7 132. Kf1 Bc5 133. Ke2 Bf2 134. Kf1 Ba7 135. Ke2 Kh3 136. Kf1 Bb6 137. Ke2
Kh2 138. Kf1 Ba5 139. Ke2 Bc3 140. Kf1 Ba1 141. Ke2 Bg7 142. Kf1 1/2-1/2

[Event "ICS Rated blitz match"]
[Site "204.178.125.65"]
[Date "1999.08.18"]
[Round "?"]
[White "Hossa"]
[Black "JudgeTurpin"]
[Result "0-1"]
[WhiteElo "2317"]
[BlackElo "2715"]
[Annotator "Fritz 5.32 (15s)"]
[PlyCount "38"]
[EventDate "1999.??.??"]

1. d4 1... d5 {Opening = D08 - 2.c4 e5 (3.de5 d4 4.Nf3 Nc6 5.---)} 2. c4 e5 3.
dxe5 d4 4. Nf3 Nc6 5. Bf4 Nge7 (5... Be6 6. e4 dxe3 7. Qxd8+ Rxd8 8. Bxe3 Nb4
9. Na3 Nd3+ 10. Bxd3 Rxd3 11. Ke2 Rd7 12. c5 c6 13. b3 Ne7 14. Rhd1 Nd5 15.
Rac1 Nxe3 16. Rxd7 Kxd7 17. Kxe3 b6 18. b4 Bxa2 19. Rd1+ Kc7 20. Rc1 {
Paakkoenen,T-Riikonen,O/FIN-chT I Division-C 1997/EXT 99/ - (37)}) 6. h3 (6.
Nbd2 Ng6 7. Bg5 f6 8. exf6 gxf6 9. Bh4 Bg4 10. Bg3 Qe7 11. Qb3 O-O-O 12. O-O-O
Bh6 13. Kb1 Nge5 14. Ka1 Bf5 15. h3 Nb4 16. Ne1 Rhe8 17. Bh2 Qc5 18. f4 Nec6
19. a3 Qa5 20. Nd3 20... Nxd3 {
Polak,T-Neubauer,M/Stockerau 1993/EXT 97/1-0 (49)}) 6... Ng6 7. Bh2 7... Bb4+
$146 (7... Bf5 8. a3 f6 9. exf6 Qxf6 10. Bxc7 Be7 11. Nbd2 O-O 12. g4 Be6 13.
Bg3 Qf7 14. Qc2 Rac8 15. Bg2 Bf6 16. Ne4 Rcd8 17. Nfg5 Qe7 18. Nxf6+ Qxf6 19.
Nxe6 Qxe6 20. Bd5 Rxd5 21. cxd5 Qxd5 22. O-O {
Marshall,F-Lawrence,T/Cambridge 1904/HCL/1-0 (39)}) 8. Nbd2 Be6 9. Qc2 Bxd2+
10. Kxd2 O-O 11. Rd1 Qe7 12. Kc1 12... Qc5 {Der Druck auf e5 waechst} 13. b3
Rfd8 14. Qd2 $4 $19 {Wird d4 fallen?. gibt den Vorteil aus der Hand} (14. Ng5
$11 $142 {und Weiss kann noch kaempfen}) 14... b5 15. Ng5 bxc4 16. Nxe6 fxe6
17. bxc4 $4 {der starke Druck provoziert weitere Fehler} (17. Kb1 17... c3 $1 {
logisch und kraftvoll} 18. Qc1 $19) 17... Rab8 $1 {
ist die Ueberraschung!. Es droht Matt} 18. Qd3 Ngxe5 19. Bxe5 Nxe5 (19... Nxe5
20. e3 Nxd3+ 21. Bxd3 dxe3 22. Rd2 Rxd3 23. Rxd3 Qxc4+ 24. Kd1 Qxd3+ 25. Ke1
Rb1#) 0-1